000 00898nam a22002537a 4500
003 OSt
005 20260601193902.0
008 260508b19992000na ||||| |||| 00| 0 eng d
040 _aICI
_bspa
_cICI
041 _aeng
050 _aN6260 A78 1999
100 _aVrieze, John,
_eautor
_933992
245 _aIslamic art :
_bheavenly art, earthly beauty /
_ctext by John Vrieze.
300 _a24 páginas:
_bilustraciones a color
500 _aCatálogo de exposición celebrada en Amsterdam del 16 de diciembre de 1999 al 24 de abril de 2000.
504 _aIncluye referencias bibliográficas.
650 _aArte islámico.
_91975
650 _aArte musulmán.
_933993
650 _aArte decorativo islámico.
_933994
650 _aEstética islámica.
_933995
650 _aCivilización islámica.
_933996
650 _aExposiciones de arte
_zPaíses Bajo, Amsterdam.
_933997
942 _2lcc
_cB
_n1
999 _c22266
_d22266